Southville International School and Colleges
Your cart is empty.
  • Cart
  • Lists
    Public lists Eva Luna New books Lux_list list_1
    Your lists Log in to create your own lists
  • Log in to your account
  • Your cookies
  • Search history
Southville International School and Colleges
  • Advanced search
  • Recent comments
  • Most popular
  • Libraries

Log in to your account

Log in with GOOGLE


If you do not have an external account, but do have a local account, you can still log in:

  1. Home
  2. MARC view: One-minute Jewish stories /
Normal view MARC view ISBD view

One-minute Jewish stories / (Record no. 109944)

[ view plain ]
MARC details
000 -LEADER
fixed length control field 00569nam a2200193 a 4500
001 - CONTROL NUMBER
control field 1273
005 - DATE AND TIME OF LATEST TRANSACTION
control field 20140414131846.0
008 - FIXED-LENGTH DATA ELEMENTS--GENERAL INFORMATION
fixed length control field 041206s19uu xx 00 eng d
020 ## - INTERNATIONAL STANDARD BOOK NUMBER
International Standard Book Number 0-440-40878-4
050 ## - LIBRARY OF CONGRESS CALL NUMBER
Classification number M 200
Item number L59 1989
100 ## - MAIN ENTRY--PERSONAL NAME
Personal name Lewis, Shari
245 ## - TITLE STATEMENT
Title One-minute Jewish stories /
Statement of responsibility, etc adapted by Shari Lewis and Lan O'Kun ; illustrated by Roberta Collier.
260 ## - PUBLICATION, DISTRIBUTION, ETC. (IMPRINT)
Place of publication, distribution, etc New York :
Name of publisher, distributor, etc Dell Pub.,
Date of publication, distribution, etc 1989.
300 ## - PHYSICAL DESCRIPTION
Extent 46 p. : ill. ; cm.
440 ## - SERIES STATEMENT/ADDED ENTRY--TITLE
Title One-Minute Stories.
650 ## - SUBJECT ADDED ENTRY--TOPICAL TERM
Topical term or geographic name as entry element Jewish stories.
650 ## - SUBJECT ADDED ENTRY--TOPICAL TERM
Topical term or geographic name as entry element Children stories.
Holdings
Withdrawn status Lost status Damaged status Use restrictions Home library Current library Shelving location Date acquired Source of acquisition Total Checkouts Full call number Barcode Date last seen Price effective from Koha item type
        Munich Library Munich Library Main Section 12/06/2004     M 200 L59 1989 M0146 04/14/2014 04/14/2014 Books

One-minute Jewish stories /

APA

Lewis S., . (1989). One-minute Jewish stories. New York: Dell Pub.

Chicago

Lewis Shari, . 1989. One-minute Jewish stories. New York: Dell Pub.

Harvard

Lewis S., . (1989). One-minute Jewish stories. New York: Dell Pub.

MLA

Lewis Shari, . One-minute Jewish stories. New York: Dell Pub. 1989.

  • Place hold
  • Print
  • Cite
  • Add to your cart (remove)
  • Save record
    BIBTEX Dublin Core MARCXML MARC (non-Unicode/MARC-8) MARC (Unicode/UTF-8) MARC (Unicode/UTF-8, Standard) MODS (XML) RIS
  • More searches
    Search for this title in:
    Other Libraries (WorldCat) Other Databases (Google Scholar) Online Stores (Bookfinder.com) Open Library (openlibrary.org)

Exporting to Dublin Core...

SOUTHVILLE LIBRARY

Southville International School and Colleges Library

1281 Tropical Ave. Cor. Luxembourg St., BF Homes International, Las Pinas City

Tel. No. 8256374 / 252358 Loc. 117/146

Powered by Koha